000
nam a22 7a 4500
999
_c
49202
_d
49202
003
OSt
005
20191010104325.0
008
191010b xxu||||| |||| 00| 0 eng d
040
_c
sero soft
100
_a
SCC
245
_a
SupremeCourt Cases
942
_2
ddc
_c
04